000 00663nam a2200241Ia 4500
003 OSt
005 20220925224657.0
006 a|||||r|||| 00| 0
007 ta
008 220923b |||||||| |||| 00| 0 eng d
020 _a0 7100 9231 8
037 _cGeneral Book
040 _aRTL
_cRTL
_beng
041 _2eng
_aeng
082 _aY:3(N), M2
100 _aHauser Arnold
245 0 _aSociology of art. Tr by Kenneth J Northcott
260 _aLondon
_bRoutledge and Kegan Paul
_c1982
300 _axxi, 776p
_ccm.
650 _aFine Art society
_9239872
942 _hY:3(N), M2
_cGB
_2CC
999 _c581947
_d581947